| 000 | 00663nam a2200229 a 4500 | ||
|---|---|---|---|
| 008 | |||
| 020 | _a0751401269 (pbk.) | ||
| 049 | _aMAIN | ||
| 090 |
_aQD262 _bNOR |
||
| 100 | 1 | _aNorman, Richard. | |
| 245 | 1 | 0 |
_aPrinciples of organic synthesis / _cRichard Norman, James M. Coxon. |
| 250 | _a3rd ed. | ||
| 260 |
_aLondon : _bBlackie Academic and Professional, _c1993. |
||
| 300 |
_axv, 811 p., _c25 cm. |
||
| 650 | _aOrganic compounds - synthesis. | ||
| 700 | 1 | _aCoxon, James M. | |
| 907 |
_a.b10049083 _b18-09-12 _c17-04-03 |
||
| 003 | |||
| 005 | 20230123133619.0 | ||
| 040 | _cNUST | ||
| 942 |
_cBOOKS _kQD262 _mNOR |
||
| 999 |
_c151647 _d151647 |
||